Heritage at a premium (Record no. 80658)

MARC details
000 -LEADER
fixed length control field 00798cab a22001815a 4500
001 - CONTROL NUMBER
control field L144946
008 - FIXED-LENGTH DATA ELEMENTS--GENERAL INFORMATION
fixed length control field 080826e20080822xxkbd f s 000 0 eng d
035 ## - SYSTEM CONTROL NUMBER
System control number (Sirsi) u144946
041 0# - LANGUAGE CODE
Language code of text/sound track or separate title eng
100 1# - MAIN ENTRY--PERSONAL NAME
Personal name Cook, Lucian
245 00 - TITLE STATEMENT
Title Heritage at a premium
260 ## - PUBLICATION, DISTRIBUTION, ETC.
Date of publication, distribution, etc. 2008
490 ## - SERIES STATEMENT
Series statement Property Week
Volume/sequential designation 73(34) 22 August 2008, 34(1)
520 ## - SUMMARY, ETC.
Summary, etc. Article looks at research showing that house prices are found to be higher in locations with higher concentrations of listed buildings. Provides a detailed regional map for England showing density of listed buildings by area; in addition to a graph showing average house price premium versus density of listed buildings.
651 #4 - SUBJECT ADDED ENTRY--GEOGRAPHIC NAME
Geographic name England and Wales
Chronological subdivision 1543-
690 ## - LOCAL SUBJECT ADDED ENTRY--TOPICAL TERM (OCLC, RLIN)
Topical term or geographic name as entry element PROPERTY-RESIDENTIAL PROPERTY-RESIDENTIAL PROPERTY MARKET
942 ## - ADDED ENTRY ELEMENTS (KOHA)
Suppress in OPAC 0
Holdings
Withdrawn status Lost status Source of classification or shelving scheme Damaged status Not for loan Home library Current library Shelving location Date acquired Total Checkouts Full call number Barcode Date last seen Copy number Price effective from Koha item type
    Dewey Decimal Classification     London London Journal article 26/08/2008   L144946 144946-1001 06/08/2019 1 06/08/2019 Journal article